[Event "SRB-chT 2nd League"]
[Site "Vrnjacka Banja"]
[Date "2022.11.09"]
[Round "8.2"]
[White "Popov, Sinisa Dj"]
[Black "Gusev, Mikhail"]
[Result "1/2-1/2"]
[WhiteElo "2158"]
[BlackElo "1996"]
[PlyCount "46"]
[EventDate "2022.11.04"]
[EventType "team-tourn"]
[EventRounds "11"]
[EventCountry "SRB"]
[SourceTitle "CBM 211 Extra"]
[Source "ChessBase"]
[SourceDate "2023.01.31"]
[SourceVersion "1"]
[SourceVersionDate "2023.01.31"]
[SourceQuality "1"]
[WhiteTeam "Jazak Car Uros"]
[BlackTeam "Pancevo Gligoric"]
[WhiteTeamCountry "SRB"]
[BlackTeamCountry "SRB"]

1. b4 e5 2. Bb2 Bxb4 3. Bxe5 Nf6 4. c3 Be7 5. Nf3 Nc6 6. Bxf6 Bxf6 7. d4 d5 8. e3 0-0 9. Bd3 Bg4 10. Nbd2 Re8 11. Qb1 g6 12. Qxb7 Qd6 13. Qb2 Rab8 14. Qc1 Na5 15. 0-0 c5 16. Qa3 Nb7 17. Rab1 c4 18. Qxd6 Nxd6 19. Bc2 Nb5 20. Rxb5 Rxb5 21. Ba4 Reb8 22. Bxb5 Rxb5 23. Rb1 Ra5 1/2-1/2